| 000 | 00796cam a22002411 4500 | ||
|---|---|---|---|
| 001 | sd 49000062 | ||
| 003 | DLC | ||
| 005 | 20260227112735.0 | ||
| 008 | 910426s1943 dcu 000 0 eng c | ||
| 010 | _asd 49000062 | ||
| 035 | _a(OCoLC)23609397 | ||
| 040 |
_aU.S. Dept. of State. Library _cCSt-H _dDLC |
||
| 042 | _apremarc | ||
| 050 | 0 | 0 |
_aUB250 _b.U33 no. 1477 |
| 082 | _a940.5343 | ||
| 110 | 1 |
_aUnited States. _bOffice of Strategic Services. _bResearch and Analysis Branch. |
|
| 245 | 0 | 4 | _aThe process of German collapse. |
| 260 |
_a[Washington] _c1943. |
||
| 300 |
_ai, 7 l. _c27 cm. |
||
| 490 | 1 |
_aIts R & A, _vno. 1477 |
|
| 651 | 0 |
_aGermany _xPolitics and government _y1933-1945. |
|
| 810 | 1 |
_aUnited States. _bDepartment of State. _bOffice of Intelligence Research. _tR & A ; _vno. 1844. |
|
| 999 |
_c89996 _d89996 |
||